000 01274cam a22003014a 4500
005 20230608093647.0
008 010806s2001 nyua b 001 0 eng
010 _a 2001046537
020 _a0471105600 (pbk. : alk. paper)
040 _aDLC
_cDLC
_dDLC
042 _apcc
082 0 0 _a658.40
_221
_bHUB-C
100 1 _aHubert, Richard,
_d1959-
245 1 0 _aConvergent architecture :
_bbuilding model-driven J2EE systems with UML /
_cRichard Hubert.
260 _aNew York :
_bWiley,
_c2001.
300 _axxv, 276 p. :
_bill. ;
_c23 cm.
500 _a"Wiley Computer Publishing."
504 _aIncludes bibliographical references and index.
650 0 _aComputer architecture.
650 0 _aSystem design.
650 0 _aInformation technology.
856 4 2 _3Contributor biographical information
_uhttp://www.loc.gov/catdir/bios/wiley043/2001046537.html
856 4 2 _3Publisher description
_uhttp://www.loc.gov/catdir/description/wiley036/2001046537.html
856 4 1 _3Table of contents
_uhttp://www.loc.gov/catdir/toc/wiley021/2001046537.html
906 _a7
_bcbc
_corignew
_d1
_eocip
_f20
_gy-gencatlg
999 _c18666
_d18666